EU Mobility

Voľný pohyb osôb a pracovníkov EÚ. Obavy o migrácii a presídľovaní menej vzdelaných pracovníkov. Prehĺbenie a modernizácia politiky mobility v rámci EÚ. Integrácia niektorých skupín mobilných pracovníkov EÚ. Jazykové a kultúrné bariéry.

Guardado en:
Detalles Bibliográficos
Autor principal: Kahanec, Martin, 1977-
Otros Autores: Ritzen, Jo
Formato: Capítulo de libro
Lenguaje:inglés
Materias:
Etiquetas: Agregar Etiqueta
Sin Etiquetas, Sea el primero en etiquetar este registro!

MARC

LEADER 00000naa$a2200000$$$4500
001 0241353
005 20240502083647.8
041 0 |a eng 
044 |a CH 
245 1 0 |a EU Mobility  |c Martin Kahanec, Jo Ritzen 
520 |a Voľný pohyb osôb a pracovníkov EÚ. Obavy o migrácii a presídľovaní menej vzdelaných pracovníkov. Prehĺbenie a modernizácia politiky mobility v rámci EÚ. Integrácia niektorých skupín mobilných pracovníkov EÚ. Jazykové a kultúrné bariéry. 
610 2 0 |a Európska únia 
610 2 0 |a Európsky ekonomický priestor 
610 2 0 |a mobilita sociálna 
610 2 0 |a práca v zahraničí 
610 2 0 |a emigrácia 
610 2 0 |a migrácia 
610 2 0 |a imigrácia 
610 2 0 |a politika migračná 
610 2 0 |a pohyb síl pracovných 
610 2 0 |a pohyb síl pracovných medzinárodný 
100 1 |a Kahanec, Martin, 1977- 
700 1 |a Ritzen, Jo